| 000 | 01016nam a22002657a 4500 | ||
|---|---|---|---|
| 005 | 20220906115150.0 | ||
| 008 | 220906b ii ||||| |||| 00| 0 eng d | ||
| 020 |
_a9788126727803 _cRs. 200.00 |
||
| 040 |
_aNLI _bhin _cHindi Division |
||
| 041 | 0 | _ahin | |
| 044 | _aii | ||
| 082 | 0 | 4 |
_223rd ed. _aH 895.73 _bY 249 k |
| 100 | 1 |
_6880-01 _aयी मुन यॉल _9812986 |
|
| 245 | 1 | 0 |
_6880-02 _aखलनायक / _cयी मुन यॉल; अनुवादक दिविक रमेश |
| 260 |
_aनई दिल्ली _bराजकमल प्रकाशन _c2015. |
||
| 500 | _a'Our twisted Hero' based on this Korean novel | ||
| 650 | 0 |
_aKorean fiction _xtranslations into Hindi _91425196 |
|
| 700 | 1 |
_4अनुवादक _6880-03 _aदिविक रमेश |
|
| 852 | _aBB | ||
| 880 | 1 |
_6100-01 _aYi Mun Yol |
|
| 880 | 1 |
_6245-02 _aKhalanāyaka / Yi Mun Yol; translated by Divika Rameśa |
|
| 880 | 1 |
_6700-03 _aDivika Rameśa, trl. |
|
| 887 | _ag. shyam | ||
| 942 |
_2ddc _cBKS |
||
| 999 |
_c1551932 _d1551932 |
||